000 00802nam a2200277Ia 4500
008 160321s9999||||xx |||||||||||||| ||und||
040 _cEnglish
082 _aXI.B Sharma
082 _bBORI-54601
100 _aRam Sharma
245 _aSome Independent Government agencies in the Indian Constitution
260 _aSholapur
260 _bInstitution of Public Administration
300 _av+64
300 _cA
300 _ePaperbook
530 _u00069607.pdf
563 _aStudy
600 _aRam Sharma
630 _aSome Independent Government agencies in the Indian Constitution
650 _a"Social History,Culture"
650 _aGeneral Indology
700 _aRam Sharma
730 _aSome Independent Government agencies in the Indian Constitution
942 _cBOOK
999 _c1365200
_d1365197